9th Annual Conference on Architecture and Urbanism 2020 - proceedings / Contemporary Research Despite the Crisis
Na minha lista:
| Autor Corporativo: | |
|---|---|
| Outros Autores: | , , , |
| Formato: | Conference Proceeding Livro |
| Idioma: | inglês tcheco |
| Publicado em: |
Brno :
Vysoké učení technické v Brně,
2020
|
| Edição: | 1. vydanie |
| Acesso em linha: | https://www.fa.vutbr.cz/konference/phd2020/ |
| Tags: |
Sem tags, seja o primeiro a adicionar uma tag!
|
MARC
| LEADER | 00000nam a22000003a 4500 | ||
|---|---|---|---|
| 001 | 0084428 | ||
| 003 | SK-STU | ||
| 005 | 20201210101435.8 | ||
| 007 | ta | ||
| 008 | 201116s ----xo-----e------100-0-----d | ||
| 020 | |a 978-80-214-5903-8 | ||
| 040 | |a STU |b slo | ||
| 041 | 0 | |a eng |a cze | |
| 044 | |a xr | ||
| 111 | 2 | |a 9th Annual Conference on Architecture and Urbanism 2020. |e Contemporary Research Despite the Crisis |d 4 November 2020 : |c Brno, Česká republika | |
| 245 | 1 | 0 | |a 9th Annual Conference on Architecture and Urbanism 2020 - proceedings / |b Contemporary Research Despite the Crisis |c zost. Jiří Palacký, Dokoupilová-Pazderková Kateřina |
| 250 | |a 1. vydanie | ||
| 260 | |a Brno : |b Vysoké učení technické v Brně, |c 2020 | ||
| 300 | |a 96 s. |b 100 ks | ||
| 700 | 1 | |a Palacký, Jiří |4 com | |
| 700 | 1 | |a Dokoupilová-Pazderková Kateřina |r Z6 |4 com | |
| 700 | 1 | |a Sitta, Vladimír |4 rev | |
| 700 | 1 | |a Prokopová Lenka |r Z6 |4 rev | |
| 856 | 4 | 0 | |u https://www.fa.vutbr.cz/konference/phd2020/ |
| 996 | |b 284AU08532 |c A* 11795/U |l AAKNST |s P |a 0 |w 0084428_0001 | ||